ARRUPE JESUIT UNIVERSITY

CORONAVIRUS -STOP THE SPREAD - CLEAN,DISINFECT,COVER

The future church : (Record no. 120446)

MARC details
000 -LEADER
fixed length control field 01943cam a2200349 a 4500
001 - CONTROL NUMBER
control field 15379268
003 - CONTROL NUMBER IDENTIFIER
control field ARRUPE
005 - DATE AND TIME OF LATEST TRANSACTION
control field 20140424122305.0
008 - FIXED-LENGTH DATA ELEMENTS--GENERAL INFORMATION
fixed length control field 080724s2009 nyu b 001 0 eng
010 ## - LIBRARY OF CONGRESS CONTROL NUMBER
LC control number 2008032650
020 ## - INTERNATIONAL STANDARD BOOK NUMBER
International Standard Book Number 9780385520386 (alk. paper)
020 ## - INTERNATIONAL STANDARD BOOK NUMBER
International Standard Book Number 0385520387 (alk. paper)
035 ## - SYSTEM CONTROL NUMBER
System control number (OCoLC)ocn229027451
040 ## - CATALOGING SOURCE
Original cataloging agency DLC
Transcribing agency DLC
Modifying agency YDX
-- VP@
-- DLC
050 00 - LIBRARY OF CONGRESS CALL NUMBER
Classification number BX1753
Item number .A39 2009
082 00 - DEWEY DECIMAL CLASSIFICATION NUMBER
Classification number 282.09/051101
Edition number 22
300 ## - PHYSICAL DESCRIPTION
Dimensions 25 cm.
100 1# - MAIN ENTRY--PERSONAL NAME
Personal name Allen, John L.,
Dates associated with a name 1965-
9 (RLIN) 10004
245 14 - TITLE STATEMENT
Title The future church :
Remainder of title how ten trends are revolutionizing the Catholic Church /
Statement of responsibility, etc John L. Allen, Jr.
250 ## - EDITION STATEMENT
Edition statement 1st ed.
260 ## - PUBLICATION, DISTRIBUTION, ETC. (IMPRINT)
Place of publication, distribution, etc New York :
Name of publisher, distributor, etc Doubleday,
Date of publication, distribution, etc c2009.
300 ## - PHYSICAL DESCRIPTION
Extent viii, 469 p. ;
504 ## - BIBLIOGRAPHY, ETC. NOTE
Bibliography, etc Includes bibliographical references and index.
505 0# - FORMATTED CONTENTS NOTE
Formatted contents note Trend one : a world church -- Trend two : evangelical Catholicism -- Trend three : Islam -- Trend four : the new demography -- Trend five : expanding lay roles -- Trend six : the biotech revolution -- Trend seven : globalization -- Trend eight : ecology -- Trend nine : multipolarism -- Trend ten : Pentecostalism -- Trends that aren't -- Catholicism in the twenty-first century.
520 ## - SUMMARY, ETC.
Summary, etc Offers a forecast about the future of the Catholic Church and the implications of the changes that will occur, identifying ten important trends that will revolutionize the the policies, doctrines, and practices of Catholicism over the next century.
610 20 - SUBJECT ADDED ENTRY--CORPORATE NAME
Corporate name or jurisdiction name as entry element Catholic Church
General subdivision Doctrines
-- Forecasting.
9 (RLIN) 10005
650 #0 - SUBJECT ADDED ENTRY--TOPICAL TERM
Topical term or geographic name as entry element Christian sociology
General subdivision Catholic Church
-- Forecasting.
9 (RLIN) 10006
650 #0 - SUBJECT ADDED ENTRY--TOPICAL TERM
Topical term or geographic name as entry element Twenty-second century
Form subdivision Forecasts.
9 (RLIN) 10007
856 41 - ELECTRONIC LOCATION AND ACCESS
Materials specified Table of contents only
Uniform Resource Identifier <a href="http://www.loc.gov/catdir/toc/ecip0825/2008032650.html">http://www.loc.gov/catdir/toc/ecip0825/2008032650.html</a>
906 ## - LOCAL DATA ELEMENT F, LDF (RLIN)
a 7
b cbc
c orignew
d 1
e ecip
f 20
g y-gencatlg
942 ## - ADDED ENTRY ELEMENTS (KOHA)
Source of classification or shelving scheme Library of Congress Classification
Koha item type Monograph ( Printed materials)
Holdings
Withdrawn status Lost status Source of classification or shelving scheme Damaged status Not for loan Collection code Home library Current library Shelving location Date acquired Total Checkouts Full call number Barcode Date last seen Price effective from Koha item type
    Library of Congress Classification     Main Collection ARRUPE LIBRARY ARRUPE LIBRARY Main Collection 24/04/2014   BX1753 .A39 2008 46500000831 22/11/2017 24/04/2014 Monograph ( Printed materials)

 

Arrupe Library. PO Box MP320 Mt Pleasant, Harare, Zimbabwe
263 242 745411|librarian@aju.ac.zw